LEADER 01833cam2-2200529---450- 001 990000027190203316 005 20120123102606.0 010 $a3-85951-155-6 035 $a0002719 035 $aUSA010002719 035 $a(ALEPH)000002719USA01 035 $a0002719 100 $a20000914d1993----km-y0itay50------ba 101 0 $alat$aita 102 $aCH 105 $ah|||||||001yy 200 1 $a<> Italy X$e[Italia settentrionale: Cantù, Monza, Bergamo, Mantova, Verona, Belluno, Padova, Venezia, Modena, Nonantola, Ravenna, Rimini]$fpublished by Jan-Olof Tjäder, Francesco Magistrale, Guglielmo Cavallo 210 $aDietikon-Zurich$cUrs Graf$d1993 215 $aXI, 142 p.$cfacsimili$d45 cm 461 0$10010002712$12001$aChartae latinae antiquiores 702 1$aTJÄDER,$bJan-Olof 702 1$aMAGISTRALE,$bFrancesco 702 1$aCAVALLO,$bGuglielmo 912 $a990000027190203316 951 $aV.3.F. 20 29(VIII A 967/10)$b146942 L.M.$cV.3.$d00035565$dUMA 959 $aBK 969 $auma 979 $c20000914$lUSA01$h1713 979 $c20001019$lUSA01$h1053 979 $c20001019$lUSA01$h1451 979 $c20001019$lUSA01$h1458 979 $c20001019$lUSA01$h1536 979 $c20001024$lUSA01$h1512 979 $c20001027$lUSA01$h1517 979 $c20001027$lUSA01$h1521 979 $c20001110$lUSA01$h1708 979 $c20001124$lUSA01$h1205 979 $aPATTY$b90$c20010614$lUSA01$h1701 979 $aPATTY$b90$c20010614$lUSA01$h1702 979 $aPATTY$b90$c20010614$lUSA01$h1704 979 $c20020403$lUSA01$h1610 979 $aPATRY$b90$c20040406$lUSA01$h1603 979 $aCOPAT6$b90$c20051020$lUSA01$h1246 979 $aPATRY$b90$c20070831$lUSA01$h1342 979 $aANNAMARIA$b90$c20120123$lUSA01$h1026 996 $aItaly X$91536381 997 $aUNISA LEADER 01741nas 2200529- 450 001 9910303535503321 005 20240204213017.0 011 $a2374-281X 035 $a(DE-599)ZDB2780680-7 035 $a(OCoLC)883921379 035 $a(CKB)2670000000555641 035 $a(CONSER)--2014202640 035 $a(EXLCZ)992670000000555641 100 $a20140718b19451956 --- a 101 0 $aeng 135 $aur||||||||||| 181 $ctxt$2rdacontent 182 $cc$2rdamedia 183 $acr$2rdacarrier 200 00$aBulletin of the National Association for Nursery Education 210 1$aChicago :$cNational Association for Nursery Education,$d[1945-1956] 215 $a1 online resource (11 volumes) 311 $a2334-4024 517 1 $aN.A.N.E. bulletin 517 1 $aNANE bulletin 606 $aEducation, Preschool$vPeriodicals 606 $aEducation, Primary$vPeriodicals 606 $aEducation, Preschool$2fast$3(OCoLC)fst00903161 606 $aEducation, Primary$2fast$3(OCoLC)fst00903204 606 $aÉducation préscolaire$vPériodiques 608 $aCzasopismo pedagogiczne.$2dbn 608 $aPeriodicals.$2fast 608 $aPeriodicals.$2lcgft 608 $aperiodicals.$2aat 608 $aPériodiques.$2rvmgf 610 $aTheory & Practice of Education 615 0$aEducation, Preschool 615 0$aEducation, Primary 615 7$aEducation, Preschool. 615 7$aEducation, Primary. 615 6$aÉducation préscolaire 676 $a372.21 712 02$aNational Association for the Education of Young Children, 906 $aJOURNAL 912 $a9910303535503321 996 $aBulletin of the National Association for Nursery Education$92186701 997 $aUNINA